000 00290nam a2200133Ia 4500
100 _aCampbell/Mary
942 _cBK
654 _aComputer
245 _aBest 1001 Wordperfect Tips ever
260 _bOsborne
_aNew York
_c1994
082 _a005.13'DOS'
546 _aENGLISH
999 _c24881
_d24881